000 00396 a2200121 4500
245 _aSamurai
_b : the world of the warrior
_hprint
020 _a1841767409
700 _aTurnbull, Stephen R.
005 20191017174152.0
260 _aenk
_bOsprey
_c2003
084 _aDS827.S3 T8765 2003
300 _a224 p. : ill. (some col.), col. maps
_b 25 cm.
_c224 p. : ill. (some col.), col. maps ; 25 cm.
500 _aStephen Turnbull.
999 _c11259
_d11259